000 00192nam a2200085Ia 4500
008 170620s9999 xx 000 0 und d
100 _aBROOM- H.
245 0 _aLEGAL MAXIMS
260 _bDELHI; UNIVERSAL L P
260 _c2008
999 _c29397
_d29397